Teoría de las instituciones judiciarias con proyectos formulados de códigos aplicables a España
Guardat en:
| Autor principal: | |
|---|---|
| Format: | Llibre |
| Idioma: | espanyol |
| Publicat: |
Madrid
Viuda de Calleja é Hijos
1841
|
| Matèries: | |
| Etiquetes: |
Afegir etiqueta
Sense etiquetes, Sigues el primer a etiquetar aquest registre!
|
MARC
| LEADER | 00000nam a2200000 a 4500 | ||
|---|---|---|---|
| 001 | UCR1935 | ||
| 003 | CL-VaPUC | ||
| 008 | 980107e18410000SP |||||||||||||||||spa|d | ||
| 082 | 0 | 4 | |a 347.01 |b SEI |2 21 |
| 100 | 0 | |a Seijas Lozano, Manuel de |e author |9 399489 | |
| 245 | 1 | 0 | |a Teoría de las instituciones judiciarias con proyectos formulados de códigos aplicables a España |
| 300 | |a 2 v | ||
| 942 | |c BK | ||
| 945 | |d 19980107 00:00:00 |a cmena | ||
| 260 | |a Madrid |b Viuda de Calleja é Hijos |c 1841 | ||
| 500 | |a v.1: Proyecto del Código de Procedimientos en materia criminal | ||
| 500 | |a v.2: Teoría del procedimiento en materia criminal | ||
| 650 | 0 | |a Instituciones jurídicas |9 380718 | |
| 650 | 0 | |a Ordenamiento jurídico |9 355371 | |
| 650 | 0 | |a Tribunales |9 254872 | |
| 650 | 0 | |a Obligaciones |9 255578 | |
| 650 | 7 | |a DERECHO PENAL |2 CL-VaPUC |9 11 | |
| 650 | 0 | |a Libertad |9 255686 | |
| 650 | 0 | |a Delitos |9 224143 | |
| 650 | 0 | |a Juicio criminal |9 398162 | |
| 650 | 0 | |a Pruebas |9 256249 | |
| 651 | 0 | |a España |9 254926 | |
| 583 | |a last modification |c 19980107 00:00:00 |k Rodrigo Vera | ||
| 999 | |c 265252 |d 265250 | ||
| 952 | |0 0 |1 0 |4 0 |6 347_010000000000000_SEI_1841 |7 0 |8 DER_HIS |9 296102 |a BIBDER |b BIBDER |d 2019-11-20 |h v.1 |i 1923285 |o 347.01 SEI 1841 |p 1923285 |r 2023-01-25 |w 2019-11-20 |x Ubicación 4to Piso |y BK_X |z Estos recursos deben solicitarse con anticipación |k DER | ||
| 952 | |0 0 |1 0 |4 0 |6 347_010000000000000_SEI_1841 |7 0 |8 DER_HIS |9 296103 |a BIBDER |b BIBDER |d 2019-11-20 |h v.2 |i 1923293 |o 347.01 SEI 1841 |p 1923293 |r 2023-01-25 |w 2019-11-20 |x Ubicación 4to Piso |y BK_X |z Estos recursos deben solicitarse con anticipación |k DER | ||